Hermeneutik ve tin bilimleri: temel metinler (Record no. 9864)

000 -LEADER
fixed length control field 01009nmm a2200301 a 4500
001 - CONTROL NUMBER
control field ocm000924494
003 - CONTROL NUMBER IDENTIFIER
control field TR-IsHL
005 - DATE AND TIME OF LATEST TRANSACTION
control field 20201028145253.0
008 - FIXED-LENGTH DATA ELEMENTS--GENERAL INFORMATION
fixed length control field 150110s2012 tu tur
007 - PHYSICAL DESCRIPTION FIXED FIELD--GENERAL INFORMATION
fixed length control field cr cn
020 ## - INTERNATIONAL STANDARD BOOK NUMBER
International Standard Book Number 9786055904340
035 ## - SYSTEM CONTROL NUMBER
System control number 924494
-- (N$T)
050 04 - LIBRARY OF CONGRESS CALL NUMBER
Classification number B3216.D82
Item number H3719 2012
090 04 - LOCALLY ASSIGNED LC-TYPE CALL NUMBER (OCLC); LOCAL CALL NUMBER (RLIN)
Classification number (OCLC) (R) ; Classification number, CALL (RLIN) (NR) B3216.D82
Local cutter number (OCLC) ; Book number/undivided call number, CALL (RLIN) H3719 2012
100 1# - MAIN ENTRY--PERSONAL NAME
Personal name Dilthey, Wilhelm
245 10 - TITLE STATEMENT
Title Hermeneutik ve tin bilimleri: temel metinler
Medium [electronic resource] /
Statement of responsibility, etc. Wilhelm Dilthey ; Türkçesi Doğan Özlem
250 ## - EDITION STATEMENT
Edition statement 2. bs.
260 ## - PUBLICATION, DISTRIBUTION, ETC.
Place of publication, distribution, etc. İstanbul :
Name of publisher, distributor, etc. Notos Kitap Yayınevi,
Date of publication, distribution, etc. 2012
300 ## - PHYSICAL DESCRIPTION
Extent 149 p.
500 ## - GENERAL NOTE
General note Bibliyografya ve dizin var.
International Standard Serial Number (SE) [OBSOLETE]
650 #4 - SUBJECT ADDED ENTRY--TOPICAL TERM
Topical term or geographic name entry element Felsefe, Psikoloji ve Din
650 #4 - SUBJECT ADDED ENTRY--TOPICAL TERM
Topical term or geographic name entry element Philosophy, Psychology and Religion
650 #0 - SUBJECT ADDED ENTRY--TOPICAL TERM
Topical term or geographic name entry element Yorumlama
General subdivision Tarih
650 #0 - SUBJECT ADDED ENTRY--TOPICAL TERM
Topical term or geographic name entry element Hermeneutics
General subdivision History
650 #7 - SUBJECT ADDED ENTRY--TOPICAL TERM
Topical term or geographic name entry element PHILOSOPHY / Hermeneutics
Source of heading or term bisacsh
700 1# - ADDED ENTRY--PERSONAL NAME
Personal name Özlem, Doğan
856 40 - ELECTRONIC LOCATION AND ACCESS
Uniform Resource Identifier <a href="http://search.ebscohost.com/login.aspx?direct=true&scope=site&db=e011xww&AN=924494">http://search.ebscohost.com/login.aspx?direct=true&scope=site&db=e011xww&AN=924494</a>
Holdings
Withdrawn status Lost status Source of classification or shelving scheme Damaged status Not for loan Collection code Permanent Location Current Location Date acquired Total Checkouts Full call number Barcode Date last seen Price effective from Koha item type
        Online   Kıbrıs Amerikan Üniversitesi Kütüphanesi / American University of Cyprus Kıbrıs Amerikan Üniversitesi Kütüphanesi / American University of Cyprus 28.10.2020   B3216.D82 H3719 2012 924494 28.10.2020 28.10.2020 E-Kitap
Devinim Yazılım Eğitim Danışmanlık tarafından Koha'nın orjinal sürümü uyarlanarak geliştirilip kurulmuştur.